=LDR 00000nam 2200000 4500 =001 INLIS000000000031887 =005 20161011131147.0 =006 =007 =008 Ind =035 ##$$0010-061300000031887 =041 ##$$a Ind =082 ##$$a 307.766 =090 ##$$a 307.766 Dha a =100 ##$$a Dharmawan, A =245 ##$$a Aspek-aspek dalam sosiologi industri, A. Dharmawan =260 ##$$a 1986 $b Bandung =300 ##$$a xiii, 185 hlm, 25 cm =650 ##$$a Sosiologi - Industri =850 ##$$a NBPNMAT =990 ##$$a 0001/BPAP-NTB/20142014 =990 ##$$a 0001/BPAP-NTB/2016 =990 ##$$a 0001/BPAP-NTB/2016